Statistiche per Stati che confinano con la Birmania

Clicka qui per fare il quiz!

Statistiche generali

  • Questo quiz è stato fatto 8 volte
  • Il punteggio medio è 4 su 5

Statistiche sulle risposte

Superficie (km²)Popolazione (ab.)Lunghezza confine (km)Stato% Corretto
9 596 0001 443 615 4912129Cina
100%
3 287 2631 423 858 6671463India
100%
513 12070 200 6102416Thailandia
83%
147 570169 311 966271Bangladesh
67%
236 8007 275 556238Laos
67%

Distribuzione punteggi

Percentile per numero di risposta

Percentuale di utenti per punteggio

I tuoi punteggi nel tempo

Non hai fatto questo quiz